Most Identified Mammals in the United States - Statistics

General Stats
  • This quiz has been taken 28 times
  • The average score is 6 of 15
Answer Stats
Observations Mammal % Correct
39k American Black Bear
71%
33k Elk
71%
220k White-tailed Deer
64%
38k American Beaver
61%
100k Common Raccoon
61%
35k Red Fox
57%
82k Coyote
50%
195k Eastern Gray Squirrel
43%
50k Eastern Chipmunk
39%
42k Virginia Opossum
29%
101k Eastern Cottontail
21%
111k Mule Deer
21%
38k Desert Cottontail
11%
111k Eastern Fox Squirrel
11%
41k California Ground Squirrel
7%
No matching quizzes found
Score Distribution
Percent of People with Each Score
Percentile by Number Answered
Your Score History
You have not taken this quiz